Chispa y sus experimentos : (Record no. 7635)

MARC details
000 -CABECERA
campo de control de longitud fija 00789ngm a2200229 a 4500
005 - FECHA Y HORA DE LA ÚLTIMA TRANSACCIÓN
campo de control 20241015063724.0
008 - ELEMENTOS DE LONGITUD FIJA--INFORMACIÓN GENERAL
campo de control de longitud fija 991125s1985 mx 001 d daspa u
035 ## - NÚMERO DE CONTROL DEL SISTEMA
Número de control de sistema UPN01000007635
049 ## - COLECCIÓN
Colección AV
050 #4 - SIGNATURA TOPOGRÁFICA DE LA BIBLIOTECA DEL CONGRESO
Número de clasificación OLA 1 no.12
100 1# - ASIENTO PRINCIPAL--NOMBRE PERSONAL
Nombre de persona Sayavedra Soto, Roberto
9 (RLIN) 29971
245 10 - MENCIÓN DE TÍTULO
Título Chispa y sus experimentos :
Resto del título la grúa levanta /
Mención de responsabilidad, etc. Roberto Sayavedra Soto ; il. Gabriel Cortázar Calles.
260 ## - PUBLICACIÓN, DISTRIBUCIÓN, ETC.
Lugar de publicación, distribución, etc. México :
Nombre del editor, distribuidor, etc. Chispa,
Fecha de publicación, distribución, etc. 1985.
300 ## - DESCRIPCIÓN FÍSICA
Extensión 1 lámina :
Otras características físicas col. ; 42x28
440 #0 - MENCIÓN DE SERIE/ASIENTO SECUNDARIO--TÍTULO
Título Tio bolita y sus ayudantes ;
Designación de volumen o secuencia 12
500 ## - NOTA GENERAL
Nota general Con: 1 maletín de experimientos. -- Localizable en AV/RME/1
500 ## - NOTA GENERAL
Nota general Material ubicado en la sala infantil
650 #4 - ASIENTO SECUNDARIO DE MATERIA - TERMINO TEMATICO
Término de materia o nombre geográfico como elemento de entrada Electricidad
9 (RLIN) 20175
650 #4 - ASIENTO SECUNDARIO DE MATERIA - TERMINO TEMATICO
Término de materia o nombre geográfico como elemento de entrada FISICA -
Subdivisión general EXPERIMENTOS
9 (RLIN) 17544
650 #2 - ASIENTO SECUNDARIO DE MATERIA - TERMINO TEMATICO
Término de materia o nombre geográfico como elemento de entrada Magnetismo
9 (RLIN) 23902
905 ## - TIPO DE MATERIAL
Tipo de material Audiovisuales
Holdings
Estado de retiro Estado de pérdida Fuente del sistema de clasificación o colocación Estado dañado No para préstamo Código de colección Localización permanente Ubicación/localización actual Ubicación en estantería Total de préstamos Clasificación Código de barras Fecha visto por última vez Número de copia Tipo de ítem Koha
    Library of Congress Classification     Audiovisuales Bib. Gregorio Torres Quintero Bib. Gregorio Torres Quintero Audiovisual   OLA 1 no.12 031L 31/12/2020 1 Libro
    Library of Congress Classification     Audiovisuales Bib. Gregorio Torres Quintero Bib. Gregorio Torres Quintero Audiovisual   OLA 1 no.12 053L 31/12/2020 1 Libro
    Library of Congress Classification     Audiovisuales Bib. Gregorio Torres Quintero Bib. Gregorio Torres Quintero Audiovisual   OLA 1 no.12 043L 31/12/2020 1 Libro
    Library of Congress Classification     Audiovisuales Bib. Gregorio Torres Quintero Bib. Gregorio Torres Quintero Audiovisual   OLA 1 no.12 007L 31/12/2020 1 Libro
    Library of Congress Classification     Audiovisuales Bib. Gregorio Torres Quintero Bib. Gregorio Torres Quintero Audiovisual   OLA 1 no.12 019L 31/12/2020 1 Libro